Statistics for U.S. Cities by Letter - B

Click here to take the quiz!

General Stats

  • This quiz has been taken 76 times
  • The average score is 14 of 19

Answer Stats

ClueAnswer% Correct
The name of Louisiana’s capital city means “red stick” in French.Baton Rouge
97%
The capital and most populous city of Idaho.Boise
97%
The capital and largest city of Massachusetts.Boston
97%
The most populous city of Maryland, named after an Anglo-Irish nobleman.Baltimore
96%
Alabama’s third most populous city figured prominently in the civil rights struggles of the 1950s and 1960s.Birmingham
92%
The NFL franchise of the second most populous city of New York had championship wins in 1964 and 1965.Buffalo
92%
The ninth most populous city in California is the county seat of Kern County, and a hub for agriculture and energy production.Bakersfield
82%
Montana’s most populous city lies mostly in a canyon carved out by the Yellowstone River.Billings
80%
Home to the oldest campus of the University of California.Berkeley
77%
This college town, home to the flagship campus of the University of Colorado, is the twelfth most populous city in the state.Boulder
76%
The most populous city in Connecticut was the site of the first telephone exchange and of the invention of the AC plug outlet and the modern brassiere.Bridgeport
66%
Sometimes called “The Media Capital of the World,” this California city is the location of production studios or headquarters for Warner Bros. Entertainment,The Walt Disney Company, Nickelodeon Animation Studio, and others. (Think “Beautiful Downtown …”)Burbank
65%
The eighteenth largest city in Texas sits across the border from (and is adjacent to) Matamoros, Mexico.Brownsville
63%
The name of Arizona’s largest city by area is also the state nickname of Ohio.Buckeye
62%
The name of Oklahoma’s fourth largest city describes a feathered shaft that has been severed.Broken Arrow
58%
This Texas city near the Louisiana border lies within one of the most polluted urban regions in the U.S.Beaumont
55%
This Oregon city started out as a logging town, is known as a gateway for outdoor sports, and is the location of the last Blockbuster video rental store (as of 2023). Its name describes something a river or a road might have.Bend
54%
Jeff Bezos founded Amazon in this Washington city.Bellevue
51%
The sixth largest city in Massachusetts once had a thriving shoe industry and in 2020 became the first New England city with a majority-Black population.Brockton
30%

Score Distribution

Percentile by Number Answered

Percent of People with Each Score

Your Score History

You have not taken this quiz